000 00402nam a22001697a 4500
005 20180613145645.0
008 160512b xxu||||| |||| 00| 0 eng d
020 _a978-0-07-009017-0
041 _aeng
082 _b1732
_a657
100 _aVijayakumar T.
_9517
245 _aAccounting for management
260 _aNew Delhi
_bTMH
_c2010
300 _a24.23
650 _aManagement
_9241
942 _cBK
999 _c668
_d668